|
|
|
|
| LEADER |
00000cam a22000004a 4500 |
| 001 |
musev2_86947 |
| 003 |
MdBmJHUP |
| 005 |
20230905052915.0 |
| 006 |
m o d |
| 007 |
cr||||||||nn|n |
| 008 |
150120s2015 mnu o 00 0 eng d |
| 010 |
|
|
|z 2014042572
|
| 020 |
|
|
|a 9780814637449
|
| 020 |
|
|
|z 0814637442
|
| 020 |
|
|
|z 9780814637197
|
| 020 |
|
|
|z 0814637191
|
| 040 |
|
|
|a MdBmJHUP
|c MdBmJHUP
|
| 100 |
1 |
|
|a Ostdiek, Gilbert.
|
| 245 |
1 |
0 |
|a Mystagogy of the Eucharist :
|b A Resource for Faith Formation /
|c Gilbert Ostdiek, OFM.
|
| 264 |
|
1 |
|a Collegeville, Minnesota :
|b Liturgical Press,
|c [2015]
|
| 264 |
|
3 |
|a Baltimore, Md. :
|b Project MUSE,
|c 0000
|
| 264 |
|
4 |
|c ©[2015]
|
| 300 |
|
|
|a 1 online resource (144 pages).
|
| 336 |
|
|
|a text
|b txt
|2 rdacontent
|
| 337 |
|
|
|a computer
|b c
|2 rdamedia
|
| 338 |
|
|
|a online resource
|b cr
|2 rdacarrier
|
| 505 |
0 |
|
|a Frameworks -- Some reminders -- Procedures and resources -- Mystagogy of the Eucharist -- Gathering -- Interlude -- Proclaiming, listening, responding to the word -- Presenting gifts of bread and wine -- Giving thanks, offering the gift, and interceding -- Breaking bread and sharing bread and cup -- Being sent -- Saying amen.
|
| 588 |
|
|
|a Description based on print version record.
|
| 650 |
|
7 |
|a Lord's Supper (Liturgy)
|2 fast
|0 (OCoLC)fst01002577
|
| 650 |
|
7 |
|a Lord's Supper
|x Catholic Church.
|2 fast
|0 (OCoLC)fst01002529
|
| 650 |
|
6 |
|a Eucharistie
|x Liturgie.
|
| 650 |
|
0 |
|a Lord's Supper (Liturgy)
|
| 650 |
|
0 |
|a Lord's Supper
|x Catholic Church.
|
| 655 |
|
7 |
|a Electronic books.
|2 local
|
| 710 |
2 |
|
|a Project Muse.
|e distributor
|
| 830 |
|
0 |
|a Book collections on Project MUSE.
|
| 856 |
4 |
0 |
|z Texto completo
|u https://projectmuse.uam.elogim.com/book/86947/
|
| 945 |
|
|
|a Project MUSE - Custom Collection
|